000 00292nam a2200109Ia 4500
001 1268534
005 20260417145252.0
008 260417s9999 xx 000 0 und d
020 _a9786257303231
245 0 _aYıldızlar Neden Kafamıza Düşmez?
_cFederico Taddia
260 _bKetebe Çocuk
999 _c1268534
_d1268534